House Compartments - Statistics

General Stats
  • This quiz has been taken 13 times
  • The average score is 12 of 14
Answer Stats
Picture Answer % Correct
Balcony
100%
Bathroom
100%
Bedroom
100%
Kitchen
100%
Living room
100%
Basement
88%
Garage
88%
Hall
88%
Roof
88%
Attic
75%
Dining room
63%
Porch
63%
Stairs
63%
Yard
63%
No matching quizzes found
Score Distribution
Percent of People with Each Score
Percentile by Number Answered
Your Score History
You have not taken this quiz